<?xml version="1.0" encoding="UTF-8"?><?xml-stylesheet type="text/xsl" href="static/style.xsl"?><OAI-PMH xmlns="http://www.openarchives.org/OAI/2.0/" xmlns:xsi="http://www.w3.org/2001/XMLSchema-instance" xsi:schemaLocation="http://www.openarchives.org/OAI/2.0/ http://www.openarchives.org/OAI/2.0/OAI-PMH.xsd"><responseDate>2026-04-29T20:55:48Z</responseDate><request verb="GetRecord" identifier="oai:riubu.ubu.es:10259/6361" metadataPrefix="marc">https://riubu.ubu.es/oai/request</request><GetRecord><record><header><identifier>oai:riubu.ubu.es:10259/6361</identifier><datestamp>2022-11-17T11:39:17Z</datestamp><setSpec>com_10259_3593</setSpec><setSpec>com_10259_5086</setSpec><setSpec>com_10259_2604</setSpec><setSpec>com_10259_5822</setSpec><setSpec>col_10259_3594</setSpec><setSpec>col_10259_5823</setSpec></header><metadata><record xmlns="http://www.loc.gov/MARC21/slim" xmlns:doc="http://www.lyncode.com/xoai" xmlns:xsi="http://www.w3.org/2001/XMLSchema-instance" xmlns:dcterms="http://purl.org/dc/terms/" xsi:schemaLocation="http://www.loc.gov/MARC21/slim http://www.loc.gov/standards/marcxml/schema/MARC21slim.xsd">
<leader>00925njm 22002777a 4500</leader>
<datafield tag="042" ind1=" " ind2=" ">
<subfield code="a">dc</subfield>
</datafield>
<datafield tag="720" ind1=" " ind2=" ">
<subfield code="a">Páez, Teresa</subfield>
<subfield code="e">author</subfield>
</datafield>
<datafield tag="720" ind1=" " ind2=" ">
<subfield code="a">Zhang, FeiFei</subfield>
<subfield code="e">author</subfield>
</datafield>
<datafield tag="720" ind1=" " ind2=" ">
<subfield code="a">Lubian, Lara</subfield>
<subfield code="e">author</subfield>
</datafield>
<datafield tag="720" ind1=" " ind2=" ">
<subfield code="a">Xi, Shibo</subfield>
<subfield code="e">author</subfield>
</datafield>
<datafield tag="720" ind1=" " ind2=" ">
<subfield code="a">Wang, Qing</subfield>
<subfield code="e">author</subfield>
</datafield>
<datafield tag="720" ind1=" " ind2=" ">
<subfield code="a">Palma, Jesús</subfield>
<subfield code="e">author</subfield>
</datafield>
<datafield tag="720" ind1=" " ind2=" ">
<subfield code="a">Muñoz Torres, Miguel Ángel</subfield>
<subfield code="e">author</subfield>
</datafield>
<datafield tag="720" ind1=" " ind2=" ">
<subfield code="a">Sanz Díez, Roberto</subfield>
<subfield code="e">author</subfield>
</datafield>
<datafield tag="720" ind1=" " ind2=" ">
<subfield code="a">Ventosa Arbaizar, Edgar</subfield>
<subfield code="e">author</subfield>
</datafield>
<datafield tag="260" ind1=" " ind2=" ">
<subfield code="c">2022-01</subfield>
</datafield>
<datafield tag="520" ind1=" " ind2=" ">
<subfield code="a">Each battery technology possesses intrinsic advantages and disadvantages, e.g., nickel–metal hydride (MH) batteries offer relatively high specific energy and power as well as safety, making them the power of choice for hybrid electric vehicles, whereas aqueous organic flow batteries (AORFBs) offer sustainability, simple replacement of their active materials and independent scalability of energy and power, making them very attractive for stationary energy storage. Herein, a new battery technology that merges the above mentioned battery technologies through the use of redox-mediated reactions is proposed that intrinsically possesses the main features of each separate technology, e.g., high energy density of the solid active materials, easy recyclability, and independent scalability of energy and power. To achieve this, Ni(OH)2 and MHs are confined in the positive and negative reservoirs of an AORFB that employs alkaline solutions of potassium ferrocyanide and a mixture of 2,6-dihydroxyanthraquinone and 7,8-dihydroxyphenazine-2-sulfonic acid as catholyte and anolyte, respectively. An energy density of 128 Wh L–1 is achieved based on the capacity of the reservoirs leaving ample room for improvement up to the theoretical limit of 378 Wh L–1. This new battery technology opens up new market opportunities never before envisaged, for redox flow batteries, e.g., domestic energy storage and heavy-duty vehicle transportation.</subfield>
</datafield>
<datafield tag="024" ind2=" " ind1="8">
<subfield code="a">1614-6832</subfield>
</datafield>
<datafield tag="024" ind2=" " ind1="8">
<subfield code="a">http://hdl.handle.net/10259/6361</subfield>
</datafield>
<datafield tag="024" ind2=" " ind1="8">
<subfield code="a">10.1002/aenm.202102866</subfield>
</datafield>
<datafield tag="024" ind2=" " ind1="8">
<subfield code="a">1614-6840</subfield>
</datafield>
<datafield ind1=" " ind2=" " tag="653">
<subfield code="a">Electrochemistry</subfield>
</datafield>
<datafield ind1=" " ind2=" " tag="653">
<subfield code="a">Redox flow batteries</subfield>
</datafield>
<datafield ind1=" " ind2=" " tag="653">
<subfield code="a">Redox mediators</subfield>
</datafield>
<datafield ind1=" " ind2=" " tag="653">
<subfield code="a">Redox targeting</subfield>
</datafield>
<datafield ind1=" " ind2=" " tag="653">
<subfield code="a">Solid boosters</subfield>
</datafield>
<datafield tag="245" ind1="0" ind2="0">
<subfield code="a">The Redox‐Mediated Nickel–Metal Hydride Flow Battery</subfield>
</datafield>
</record></metadata></record></GetRecord></OAI-PMH>